00485nam a2200205Ia 450000500170000000800460001702000180006303700100008104000080009104000080009904000080010704100080011504100080012308400080013124500270013926000350016626000090020165000200021085600490023020260306150809.0008 260114s9999 xx 000 0 eng d a9780520908345 aEbook aCRL beng cCRL 2eng aeng qCRL 4aThe Mystique of Dreams bUniversity of California Press c1986 aSocial Sciences uhttps://www.degruyter.com/isbn/9780520908345